000 00611nam a2200229 i 4500
001 C2-0245798
003 PPAK
005 20180727210705.0
008 030318s1974 io |||| ||||| | may d
040 _aPPAK
_beng
_cPPAK
_erda
082 0 4 _a899.2211
_223
090 0 0 _a899.2211
_bDAR
_dKSA
100 0 _aDarmanto,
_eauthor
245 1 0 _aBangsat :
_bkumpulan sajak
264 1 _aJakarta, Indonesia :
_bPuisi Indonesia ,
_c1974
300 _a32 pages ;
_c21 cm
336 _2rdacontent
_atext
337 _2rdamedia
_aunmediated
338 _2rdacarrier
_avolume
650 1 0 _aMalay poetry
942 _ddc
_cB
999 _c59801
_d59801